000 00491nam a2200181Ia 4500
005 20250923144416.0
008 008 250917s9999 xx 000 0 eng d
037 _aTextual
040 _aDSWL
_beng
_cDSWL
041 _aeng
_2eng
084 _aY:45::2:N4, H8
_qDSWL
100 _aSaxena, P.N
_9824601
245 0 _aUPKi jaraim pasha aqwam
_cby P.N Saxena
260 _c1928
300 _a256 p.
942 _cTEXL
_hY:45::2:N4, H8
999 _c1438489
_d1438489